000
00287nam a22001337a 4500
008
181022b xxu||||| |||| 00| 0 eng d
020
_a
08052
041
_a
eng
080
_a
785
100
_a
45
101
_a
MUS
245
_a
The Trumpet Shall Sound
_c
Worsley.P
942
_2
udc
_c
BK
999
_c
50406
_d
50406